好好说话,把话说到孩子心里去 / (Record no. 10027)

MARC details
000 -LEADER
fixed length control field 00751nam a22001937a 4500
001 - CONTROL NUMBER
control field 10027
003 - CONTROL NUMBER IDENTIFIER
control field FISKH
005 - DATE AND TIME OF LATEST TRANSACTION
control field 20260401101736.0
008 - FIXED-LENGTH DATA ELEMENTS--GENERAL INFORMATION
fixed length control field 260331b cb ||||| |||| 00| 0 eng d
020 ## - INTERNATIONAL STANDARD BOOK NUMBER
International Standard Book Number 9787565839092
040 ## - CATALOGING SOURCE
Original cataloging agency FISKH
Language of cataloging eng
Transcribing agency FISKH
Modifying agency FISKH
082 ## - DEWEY DECIMAL CLASSIFICATION NUMBER
Classification number 649.1
100 ## - MAIN ENTRY--PERSONAL NAME
Personal name 杨颖
245 ## - TITLE STATEMENT
Title 好好说话,把话说到孩子心里去 /
Statement of responsibility, etc. 杨颖
300 ## - PHYSICAL DESCRIPTION
Extent 246 pages :
Other physical details illustrations ;
Dimensions 21 cm .
520 ## - SUMMARY, ETC.
Summary, etc. 本书围绕亲子沟通展开,通过常见的家庭情境,指导父母如何正确地倾听、表达和引导孩子情绪。书中提供了实用的方法,帮助建立良好的亲子关系,让孩子更加主动、自信,并愿意与父母沟通与合作。
942 ## - ADDED ENTRY ELEMENTS (KOHA)
Source of classification or shelving scheme Dewey Decimal Classification
Koha item type Chinese Book
Suppress in OPAC No
Holdings
Withdrawn status Lost status Source of classification or shelving scheme Damaged status Not for loan Collection Home library Current library Shelving location Date acquired Total Checkouts Full call number Barcode Date last seen Price effective from Koha item type
    Dewey Decimal Classification     Reference Footprints International School Library Network Toul Tom Poung Campus Footprints International School Library Network Toul Tom Poung Campus Librarian's Shelf TTP 03/31/2026   杨颖 649.1 2026-0409 03/31/2026 03/31/2026 Books